Nová ekonomika vedecký časopis Obchodnej fakulty Ekonomickej univerzity v Bratislave = Faculty of Commerce, University of Economics in Bratislava scientific journal
Saved in:
| Format: | Serial |
|---|---|
| Language: | Slovak |
| Published: |
Nové Zámky
Secos
2004
|
| Subjects: | |
| Tags: |
No Tags, Be the first to tag this record!
|
MARC
| LEADER | 00000nas2a2200000 4500 | ||
|---|---|---|---|
| 001 | 0069747 | ||
| 005 | 20080125103332.7 | ||
| 022 | |a 1336-1732 | ||
| 041 | 0 | |a slo | |
| 044 | |a SK | ||
| 245 | 1 | 0 | |a Nová ekonomika |b vedecký časopis Obchodnej fakulty Ekonomickej univerzity v Bratislave = Faculty of Commerce, University of Economics in Bratislava scientific journal |
| 264 | 1 | |a Nové Zámky |b Secos |c 2004 | |
| 773 | 0 | |w eu_un_cat*s125100 | |
| 610 | 2 | 0 | |a veda ekonomická |
| 610 | 2 | 0 | |a teórie ekonomické |
| 610 | 2 | 0 | |a vývoj hospodársky |